000 00457nam a2200169Ia 4500
001 60166
008 160803n ii |||gr||||Z||||||807
041 _a807
082 _a891.43309
100 _aLod,
_ePradeep C.,
245 0 _aMannoo Bhandari Ki Kahaniyon Ke Pramukh Patra
_cPradeep C Lod
_hTextual Documents
260 _aKanpur
_bChandralok Prakashan
300 _a136p:
_c23cm.
653 _aHindi Literature
653 _aG - Hindi
942 _2ddc
_cBK
999 _c61311
_d61311